000 00987namaa2200265 i 4500
001 178942
003 ES-MaACL
005 20250815112605.0
008 110810s1908 fr | |||| ||fre d
080 _a577.1
100 1 _aLoeb, Jacques.
_973085
245 1 3 _aLa dynamique des phénomènes de la vie /
_cpar J. Loeb ; traduit de l'allemand par H. Daudin, G. Schaeffer, ; préface de M. le professeur A. Giard.
250 _aÉdition française avec additions de l'auteur.
260 _aParis :
_bFélix Alcan :
_bAncienne Librairie Germer Baillière et Cª,
_c1908.
300 _aXV, 407 p. ;
_c22 cm.
490 1 _aBibliothèque scientifique internationale ;
_v109
650 0 7 _aBioquímica
_2embne
_9136796
700 1 _aGiard, Alfred.
_9127298
700 0 _aDaudin, H.
_942807
700 1 _aSchaeffer, G.
_9147584
830 0 _aBibliothèque scientifique internationale ;
_v109
_9186949
852 _aES-MaACL
_jF-14437
999 _c178942
_d178942